Filmy muzyczne - Nagła śmierć - Statystyki

Ogólne statystyki
  • Ten quiz został rozwiązany 101 razy
  • Średni wynik to 9 z 20
Answers on the Grid
Answers color-coded by a green-red scale on the quiz's grid according to % correct below.
Aladyn
Annie
Chicago
Ciche miejsce
Diuna
Encanto
Evita
Gazeciarze
Gdzie jest Nemo?
Grease
Kabaret
Koty
Kraina Lodu
La La Land
Lakier do włosów
Moonlight
Moulin Rouge!
Odlot
Oklahoma
Oliver!
Pianista
Ralph Demolka
Rango
Rent
Speed: Niebezpieczna prędkość
Spotlight
The Truman Show
Titanic
Tommy
Trop
Twister
West Side Story
Wicked
Zakręceni
Życie Pi
 
Statystyki odpowiedzi
Odpowiedź % Poprawnych
La La Land
87%
Grease
67%
Moulin Rouge!
67%
Aladyn
61%
Encanto
60%
Chicago
55%
Kraina Lodu
52%
Wicked
52%
Koty
51%
West Side Story
51%
Lakier do włosów
43%
Kabaret
42%
Evita
39%
Annie
34%
Oliver!
21%
Zakręceni
21%
Rent
19%
Oklahoma
18%
Gazeciarze
15%
Tommy
12%
Nie znaleziono quizów pasujących do podanych kryteriów
Rozkład punktacji
Procent ludzi z każdym wynikiem
Percentyl według liczby udzielonych odpowiedzi
Twoja historia wyników
Nie rozwiązałeś tego quizu